Central Library OPAC University of Rajshahi

A Text Book on Light : (Record no. 72456)

MARC details
000 -LEADER
fixed length control field 00697nam a2200241 a 4500
001 - CONTROL NUMBER
control field 72456
003 - CONTROL NUMBER IDENTIFIER
rucl marc code BD-RjUL
005 - DATE AND TIME OF LATEST TRANSACTION
control field 20211209082249.0
008 - FIXED-LENGTH DATA ELEMENTS--GENERAL INFORMATION
fixed length control field 170518s1976 ii a|||| |||| 001 0 eng d
035 ## - SYSTEM CONTROL NUMBER
System control number (BD-RjUL) 72674
040 ## - CATALOGING SOURCE
Original cataloging agency BD-RjUL
Language of cataloging eng
Transcribing agency BD-RjUL
Modifying agency BD-RjUL
041 ## - LANGUAGE CODE
Language code of text/sound track or separate title eng
082 ## - DEWEY DECIMAL CLASSIFICATION NUMBER
Edition number 23
Classification number 535
Author mark and year MAT 1976
100 1# - MAIN ENTRY--PERSONAL NAME
Personal name Mazumdar, K. G.
9 (RLIN) 165936
245 10 - TITLE STATEMENT
Title A Text Book on Light :
Remainder of title for Advanced Degree Students /
Statement of responsibility, etc. K. G. Mazumdar
250 ## - EDITION STATEMENT
Edition statement 4th ed.
260 ## - PUBLICATION, DISTRIBUTION, ETC. (IMPRINT)
Place of publication, distribution, etc. Calutta :
Name of publisher, distributor, etc. Modern Book Agency Private Lit.,
Date of publication, distribution, etc. 1974
300 ## - PHYSICAL DESCRIPTION
Pagination vol. :
Illustrations ill. ;
Size 21 cm.
500 ## - GENERAL NOTE
General note Includes index.
505 0# - FORMATTED CONTENTS NOTE
Formatted contents note Part 1(Geometrical Optics)--
650 ## - SUBJECT ADDED ENTRY--TOPICAL TERM
Topical term or geographic name as entry element Light
9 (RLIN) 212400
942 ## - ADDED ENTRY ELEMENTS (KOHA)
Source of classification or shelving scheme Dewey Decimal Classification
Koha item type Books
Holdings
Lost status Source of classification or shelving scheme Damaged status Not for loan Collection code Permanent Location Current Location Shelving location Date acquired Source of acquisition Cost, normal purchase price Total Checkouts Full call number Date last seen Copy number Koha item type
  Dewey Decimal Classification   Not For Loan Non-fiction Central Library, University of Rajshahi Central Library, University of Rajshahi Reading Room 30/06/1981 Euraka book agency 42.75   535 MAT Pt-1 1976 18/05/2017 C-1 Books